Make change work for you.
| Main Author: | |
|---|---|
| Format: | Book |
| Published: |
New York, New York:
Perigee,
2015.
|
| Edition: | First edition. |
| Subjects: |
| LEADER | 00480cam a2200169 7i4500 | ||
|---|---|---|---|
| 001 | 0000032728 | ||
| 005 | 20151204090000.0 | ||
| 020 | 0 | 0 | |a 9780399166761 (hbk.) |
| 090 | 0 | 0 | |a B 650.1 |b STE |
| 100 | 1 | 0 | |a Steinberg, Scott |
| 245 | 0 | 0 | |a Make change work for you. |
| 250 | 0 | 0 | |a First edition. |
| 260 | 0 | 0 | |a New York, New York: |b Perigee, |c 2015. |
| 300 | # | # | |a xvi, 303p.. |
| 650 | 0 | 0 | |a Organizational change |
| 650 | 0 | 0 | |a Change (Psychology) |
| 999 | |a B000036711 |b Book |c Book |e Business Information Centre | ||


